| 000 | 00517nam a2200193 a 4500 | ||
|---|---|---|---|
| 001 | 000026266 | ||
| 005 | 20200930024438.0 | ||
| 008 | 110308s1986 dr 000 0 spa d | ||
| 040 |
_aDO-SdBNP _bspa _cBNPHU |
||
| 082 |
_axxx _bM953s |
||
| 245 | 0 | 3 | _aLa mujer del sector popular urbano. |
| 260 |
_aSanto Domingo : _bTaller, _c1986. |
||
| 300 |
_a100 p. ; _c21 cm. |
||
| 490 | 1 | _aTeoría | |
| 500 | _aIncluye notas al pie de páginas | ||
| 504 | _aBibliografía p. 97 | ||
| 830 | 0 |
_aTeoría _935948 |
|
| 049 | _aBNPD | ||
| 999 |
_c25758 _d25758 |
||